World soil resources reports N84 World reference base for soil resources

Saved in:
Bibliographic Details
Main Author: FAO
Format: Book
Language:Undetermined
Published: Rome FAO 1998
Subjects:
Tags: Add Tag
No Tags, Be the first to tag this record!
Institutions: Trung tâm Học liệu Trường Đại học Cần Thơ
LEADER 00602nam a2200217Ia 4500
001 CTU_27627
008 210402s9999 xx 000 0 und d
082 |a 631 
082 |b W927/N84 
100 |a FAO 
245 0 |a World soil resources reports N84 
245 0 |b World reference base for soil resources 
245 0 |c FAO 
260 |a Rome 
260 |b FAO 
260 |c 1998 
526 |a Phân loại đất và bản đồ đất 
526 |b NN696 
650 |a soil maps 
904 |i Nguyễn Quang Điền, 981230 
980 |a Trung tâm Học liệu Trường Đại học Cần Thơ